Soils and agriculture of Gisborne Plains /

Guardado en:
Autor Principal: Pullar, W. A.
Formato: Libro
Idioma:English
Publicado: Wellington : New Zealand, Department of Scientific and Industrial Research, 1962.
Series:Soil Bureau Bulletin ; nº 20
Etiquetas: Agregar Etiqueta
Sin Etiquetas, Sea el primero en etiquetar este registro!
LEADER 00520nam a22001455a 4500
001 EEA.libagro001900
005 20151103095424.0
008 130809s1962####xx#a##########000#0#eng#d
082 0 4 |a 631.4791 
100 1 |a Pullar, W. A. 
245 1 0 |a Soils and agriculture of Gisborne Plains /  |c W.A. Pullar. 
260 |a Wellington :  |b New Zealand, Department of Scientific and Industrial Research,  |c 1962. 
300 |a 92 p. :  |b il. ;  |c 29 cm. 
490 1 |a Soil Bureau Bulletin ;  |v nº 20 
859 |a AR-BbBCA  |b BIB. AGRONOMIA  |h 631.4791  |i P982  |p 1963/0044